000 00895cam a22002653a 4500
001 17785
003 PGUSA
005 20140828083359.0
008 060217s2006||||xxu|||||s|||||000 1 eng d
040 _aPGUSA
_beng
042 _adc
050 4 _aPS
100 1 _aPansy,
_d1841-1930
245 1 0 _aDivers Women
_h[electronic resource] /
_cPansy
260 _bProject Gutenberg,
_c2006
505 0 _aSunday fractures -- New nerves -- "Huldy" -- Where he spent Christmas -- Vida -- How a woman was converted to missions -- Mrs. Lewis' book -- Buckwheat cakes -- Faith and gasoline -- Benjamin's wife.
506 _aPublic domain in the USA.
516 _aElectronic text
653 _aConduct of life -- Fiction
653 _aShort stories
653 _aChristian life -- Fiction
830 0 _aProject Gutenberg
_v17785
856 4 0 _uhttp://www.gutenberg.org/ebooks/17785
942 _cEB
999 _c247040
_d247040